| 000 | 01787nam0a2200349 4500 | ||
|---|---|---|---|
| 001 | RU\NLR\bibl\1749147 | ||
| 005 | 20260408021314.0 | ||
| 010 |
_a978-5-91807-034-5 _9120 |
||
| 021 |
_aRU _b2011-15011 _91067 |
||
| 035 | _a(nilc)RSL-KNO-004901244 | ||
| 035 | _a(NLR Aleph) 001740016 | ||
| 090 |
_a1453416 _c1453416 |
||
| 100 | _a20110309d2010 |||y0rusy50 ca | ||
| 101 | 0 | _arus | |
| 102 | _aRU | ||
| 105 | _ay ||||||||| | ||
| 200 | 1 |
_aЗемельное право _eметодическое пособие для студентов очной и заочной форм обучения специальности 120301 "Землеустройство" _fМ-во образования Российской Федерации, Майкопский гос. технологический ин-т, Каф. землеустройства _g[сост.: Дахужев Ю. Г. и др.] |
|
| 210 |
_aМайкоп _cиздатель А.А. Григоренко _d2010 |
||
| 215 |
_a162 с. _cил. _d21 |
||
| 320 | _aБиблиогр.: с. 161-162 и в конце тем | ||
| 606 | 1 |
_aЗемельное право _jМетодические пособия _yРоссийская Федерация _92082636 _3RU\NLR\auth\661258663 |
|
| 686 |
_aХ625я73-1 _2rubbk |
||
| 686 | _aХ625я73 | ||
| 702 | 1 |
_4220 _8rus _7ca _aДахужев _bЮ. Г. _gЮрий Гиссович _3RU\NLR\auth\77105174 _988099 |
|
| 712 | 0 | 2 |
_4570 _aМайкопский государственный технологический институт _bКафедра землеустройства _3RU\NLR\AUTH\8810181150 _9858859 |
| 801 | 0 |
_aRU _bRuMoRKP _c20110309 _grcr |
|
| 801 | 1 |
_aRU _bRuMoRGB _c20110309 |
|
| 801 | 2 |
_aRU _bNLR _c20110322 _grcr |
|
| 942 | _cBOOK | ||
| 980 | _aNB | ||
| 980 | _aNBR | ||